| 000 | 00531nam a2200217Ia 4500 | ||
|---|---|---|---|
| 008 | 170918s9999 xx 000 0 und d | ||
| 020 | _a59045353x | ||
| 050 | _bP511 1993 | ||
| 100 | _aPettit, Jayne | ||
| 245 | 2 | _aA place to hide : | |
| 245 | _btrue stories of holocaust rescues / | ||
| 245 | _cJane Pettit. | ||
| 260 | _aNew York : | ||
| 260 | _bScholastic, | ||
| 260 | _c1993 | ||
| 300 | _a114 pages : | ||
| 300 | _bcolored illustration ; | ||
| 300 | _c19cm. | ||
| 440 | _aScholastic biography. | ||
| 500 | _a1120 | ||
| 999 |
_c342365 _d342365 |
||